| 000 | 01407cam a2200217 a 4500 | ||
|---|---|---|---|
| 999 |
_c3548 _d3548 |
||
| 020 | _a0072358688 (alk. paper) | ||
| 022 | _a9780072358681 | ||
| 050 | 0 | 0 |
_aHG173 _b.S523 |
| 100 | 1 | _aSantomero, Anthony M. | |
| 245 | 1 | 0 |
_aFinancial markets, instruments, and institutions / _cAnthony M. Santomero, David F. Babbel. |
| 250 | _a2nd ed. | ||
| 260 |
_aBoston : _bMcGraw-Hill/Irwin, _cc2001. |
||
| 300 |
_axxvi, 687 p. : _bill. ; _c27 cm. |
||
| 440 | 4 | _aThe McGraw-Hill/Irwin series in finance, insurance, and real estate | |
| 500 | _aincludes index | ||
| 505 | _apt. I. Ground Rules and Reasons for Study. 1. Introduction: Functions Performed by Financial Markets. 2. The Flow of Funds in the Markets -- pt. II. Pricing Cash Flows. 3. Fundamentals of Interest Rate Determination. 4. The Behavior of Nominal Interest Rates. 5. The Term Structure of Interest Rates. 6. Valuing Cash Flows. 7. Recognizing the Uncertainty of Future Interest Rates. 8. Interest Rate Risk and the Value of Cash Flows. 9. Default Risk and Other Risks to Cash Flow. 10. Valuing Cash Flows in Foreign Currencies -- pt. III. Instruments in the Market. 11. Understanding the Money Market. 12. Understanding the Bond Market. 13. Understanding the Mortgage and Other Asset-Backed Debt Markets. 14. Understanding Equities. | ||
| 650 | 0 | _aFinance. | |
| 650 | 0 | _aFinancial services industry. | |
| 700 | 1 | _aBabbel, David F., | |
| 942 | _cBK | ||